01529nam a2200361 a 4500001001000000003000500010005001700015008004100032010001100073011001100084040000900095090001000104100003600114245013800150260004000288500006000328502009600388590004100484590004000525590004000565650003400605650003800639650003100677650002500708650004600733856007000779901000700849942001000856942000600866999001900872952014000891952013601031000112977CHAP20220329144331.0170306s2016 mx sm |||||||spa d a109438 a110410 cCHAP aTesis1 aSantos Zuñiga, Camilo913165910aEfecto del nivel de proteina en la dieta sobre la ganancia de peso en corderos postdesteteh[En línea]cpor Camilo Santos Zuñiga. aDurango, Méx. :bEl autor,c2016. aPara ver el contenido del material haga clic en la liga aTesis (Ing. en Sistemas Pecuarios) -- UACH. Unidad Regional Universitaria de Zonas Áridas aE11695DGDb10c20170308lUCH01h1156 aE5765TAJb05c20170306lUCH01h1118 aE5765TAJb05c20170306lUCH01h111814aGanado lanarxDestete.94516914aGanado lanarxNutrición.94520514aGanado lanarxPeso.94521114aMateria seca.97293314aProteínas en nutrición animal.992454 aFinding aiduhttp://10.13.5.2/tesis/sist112977.pdfzTeclea aquí aBK cTESIS n0 c109438d109438 00102local4053708TESISaBCbBCcPA_TESISd2017-03-06fTESISl0oTesisp33724002532330r2019-12-31 00:00:00tc.2w2019-12-31yTESIS 00104054718TESISaBCbBCd2017-03-06fTESISl0oTesisp33724002532371r2019-12-31 00:00:00w2019-12-31yTESISzRecien adquirido